Стихотворения. Поэмы (Запис № 319313)

МАРК-запис
000 -Лідер
fixed length control field 00964nam a22002657a 4500
001 - Контрольний номер
control field 32860
003 - Ідентифікатор контрольного номера
control field UA-OsUOA
005 - Дата та час останнього входження (трансакції)
control field 20220913164011.0
007 - Фіксоване поле фізичного опису
fixed length control field ta
008 - Елементи даних фіксованої довжини – загальна інформація
fixed length control field 20050214b un ||||| |||| 00| 0 ukr d
040 ## - Джерело каталогізації
Агенція оригінальної каталогізації UA-OsUOA
Мова каталогізації rus
Агенція, яка здійснювала перезапис UA-OsUOA
Агенція, яка здійснювала модифікацію UA-OsUOA
041 ## - Код мови
Код мови тексту/ звукової доріжки чи окремого заголовка (П) rus
044 ## - Код країни видавця/ виробника
Код країни видавця/ виробника (П) RU
080 ## - Індекс Універсальної десяткової класифікації
Індекс Універсальної десяткової класифікації (УДК) (НП) 821.161.1
090 ## - Локальний шифр розміщення
Класифікаційний індекс УДК 821.161.1
Авторський знак (НП) Т26
100 ## - Основне введення – ім’я особи
Ім’я особи (НП) Твардовский А.
245 ## - Відомості про назву
Назва (НП) Стихотворения. Поэмы
Дані про відповідальність (НП) А. Твардовский ; вступ. статья А. Македонов
260 ## - Публікація, розповсюдження і т.п. (Вихідні дані)
Місце публікації, розповсюдження і т.п. (П) Москва
Ім’я/ наймення видавництва, розповсюджувача і т.п. (П) Художественная литература
Дата публікації, розповсюдження і т.п. (П) 1971
300 ## - Фізичний опис
Обсяг 688 с.
Інші фізичні характеристики (НП) ил.
490 ## - Область серії
Назва серії Библиотека всемирной литературы
Позначення і номер тому / порядкове позначення Т. 185
650 #7 - Додаткове предметне введення – тематичний термін
Джерело заголовка чи терміна UDC
Тематичний термін чи географічна назва, як елемент введення (НП) 821 Художня література окремими мовами і мовними сім'ями
942 ## - Додаткові елементи входу (Коха)
Тип елемента Koha Книги
Source of classification or shelving scheme Universal Decimal Classification
955 ## - Код типу видання за змістом
Код типу видання за змістом (НП) Літературно-художні видання
Фонди
Стан вилучень Стан втрат Джерело класифікації або схеми стелажів Стан уражень Не для кредиту Постійне місце розташування Поточне розміщення Дата придбання Інвентарний номер Усього замовленно Повний номер виклику Штрих-код Дата останнього перегляду Ціна ефективна від Тип елемента Koha Вартість, звичайна ціна покупки Вартість, ціна заміни
Withdrawn   Universal Decimal Classification     АБ - Абонемент НБ АБ - Абонемент НБ 14/02/2005 7848   821.161.1 Т26 7848 13/07/2019 14/02/2005 Книги    
    Universal Decimal Classification     АБ - Абонемент НБ АБ - Абонемент НБ 13/09/2020     821.161.1 Т26 7348 29/09/2021 13/09/2022 Книги 1.50 1.50